Words with Multiple Pronunciations #2 - Statistics

General Stats
  • This quiz has been taken 1,452 times
  • The average score is 11 of 20
Answer Stats
Definition 1 Answer Definition 2 % Correct
Female pig Sow To plant seeds
85%
To race again Rerun Repeated TV show
82%
Deep male voice Bass Freshwater fish
79%
To exist, breathe Live Not recorded
79%
A violinist's tool Bow To give in to pressure
77%
To direct an orchestra Conduct Behaviour, manners
76%
Gained knowledge Learned Scholarly, erudite
73%
The way in Entrance To charm, captivate
67%
A binding agreement Contract To become smaller
66%
Faultless Perfect To hone, fine-tune
61%
To absorb food Digest An abridged work
59%
To accompany Escort A prostitute
58%
To defy authority Rebel Nonconformist
53%
Sulked gloomily Moped Motorized bike
47%
A self-serve meal, eg. Buffet To batter, like the wind
45%
A thing, item Object To express dissent
37%
Aromatic scent Incense To make very angry
30%
School assignment Project To stick out, jut out
30%
Justification Excuse To let off the hook
20%
To think carefully Deliberate Intentional, wilful
12%
No matching quizzes found
Score Distribution
Percent of People with Each Score
Percentile by Number Answered
Your Score History
You have not taken this quiz